000 00637nam a2200277Ia 4500
005 20260324150404.0
008 008 260324s9999 xx 000 0 eng d
020 _a9781315018546
037 _aEBOOK
040 _aCRL
040 _beng
040 _cCRL
041 _2eng
041 _aeng
084 _qCRL
100 _aBrian Vickers
_91210112
245 4 _aThe Artistry of Shakespeare's Prose
260 _bTaylor and Francis
260 _c1968
365 _a
365 _b420
856 _uhttp://www.taylorfrancis.com/books/9781315018546
942 _cEBOOK
999 _c1835615
_d1835615